00507 2200205 4500001002100000008004100021035002000062245005000082100002700132250000600159260004100165300001100206084001400217082000800231650001400239990001200253990001200265990001200277990001200289INLIS000000000000451 ind  a0010-0424000427 aTampil Cantik & AngguncWigati Hadi Omegawati aHadi Omegawati, Wigati a1 aMataram :bCaraka Darma Aksarac2011 a76 hlm a600 WIG t a600 aNon Fiksi a0722604 a0722605 a0722606 a0722607